| 000 | 00841nam a22001937a 4500 | ||
|---|---|---|---|
| 003 | OSt | ||
| 005 | 20220224165701.0 | ||
| 008 | 190716b xxu||||| |||| 00| 0 eng d | ||
| 040 | _cLC | ||
| 050 | _aKRX1750.A26 | ||
| 100 | _aAbotsi, Kofi E. | ||
| 245 |
_aConstitutional law of Ghana: text, cases and commentary. / _cE. Kofi Abotsi |
||
| 260 |
_aLondon: _c2017. _b[s.n.] |
||
| 300 |
_axviii, 460p.: _c25 cm. |
||
| 500 | _aIncludes subject index | ||
| 505 | _aContents: Nature and scope of constitutional law -- Constitutional history of Ghana: General evolution -- Basic constitutional framework -- Distribution of national powers -- Fundamental human rights, state action and judicial protection -- Autonomous constitutional bodies -- Traditional constitutional institutions. | ||
| 653 | _aConstitutional law -- Ghana | ||
| 942 |
_2lcc _cBK |
||
| 999 |
_c6782 _d14282 |
||